00840cam a22002411 45000010008000000030009000080050017000170080041000340100017000750400023000920430012001150500021001270820013001481000038001612450151001992500016003502600042003663000055004085040030004636510034004936510032005276510039005592647487BDDh-ASL20231015025718.0700820s1969 e ab b 000 0 eng  a 68010737  aDLCcDLCdBDDh-ASL aa-ii---00aDS425b.B33 196800a954bBAI1 aBasham, A. L.q(Arthur Llewellyn)14aThe wonder that was India: ba survey of the history and culture of the Indian sub-continent before the coming of the Muslims/c[by] A. L. Basham. a3d rev. ed. aLondon:bSidgwick & Jackson, c1969.  axxiii, 572 p. :billus. (part col.), maps.c24 cm. aBibliography: p. 518-543. 0aIndiaxCivilizationyTo 1200. 0aIndiaxHistoryyTo 324 B.C. 0aIndiaxHistoryy324 B.C.-1000 A.D.